Creative Organization Theory / A Resourcebook (Record no. 963)
[ view plain ]
| 000 -LEADER | |
|---|---|
| fixed length control field | 01403cam a22001934a 4500 |
| 005 - ΗΜΕΡΟΜΗΝΙΑ ΚΑΙ ΩΡΑ ΤΕΛΕΥΤΑΙΑΣ ΕΝΗΜΕΡΩΣΗΣ | |
| Πεδίο ελέγχου | 20250605163951.0 |
| 008 - FIXED-LENGTH DATA ELEMENTS--GENERAL INFORMATION | |
| Πεδίο ελέγχου σταθερού μήκους | 250528s ||||||||||||||||||||||||d |
| 035 ## - SYSTEM CONTROL NUMBER | |
| System control number | 15377 |
| 020 ## - ISBN | |
| ISBN | 803934440 |
| 040 ## - ΠΗΓΗ ΚΑΤΑΛΟΓΟΓΡΑΦΗΣΗΣ | |
| Φορέας πρωτότυπης καταλογογράφησης | MC Athens Campus Library |
| Γλώσσα καταλογογράφησης | Ελληνικά, Μοντέρνα (1453-) |
| Modifying agency | MC Athens Campus Library |
| Κανόνες περιγραφικής καταλογογράφησης | AACR2 |
| 245 1# - ΤΙΤΛΟΣ ΚΑΙ ΔΗΛΩΣΗ ΥΠΕΥΘΥΝΟΤΗΤΑΣ | |
| Τίτλος | Creative Organization Theory / A Resourcebook |
| 260 ## - PUBLICATION, DISTRIBUTION, ETC. | |
| Name of publisher, distributor, etc. | Sage Publications, |
| Date of publication, distribution, etc. | 1989 |
| 300 ## - PHYSICAL DESCRIPTION | |
| Extent | 376 |
| 520 ## - SUMMARY, ETC. | |
| Summary, etc. | This book contains ideas, stories, cases, exercises, and pieces of information that will help the reader gain a broad-based understanding of the nature and functions of modern organizations. Preface, Acknowledgements, Mind stretchers, Flexibility and Intelligence, The Need for a Tool Chest, Developing Multiple Interpretations, Escaping from Dominant Ideas, Some Thought Patterns, Readings and Stories and Other Resources, The Evolution of Organization Theory, How to Kill Creativity, Working Under Mechanized Systems and Production, Organizational Technologies, Collaboration and Control, Some Sources of Organizational Conflict, Gender and Corporate Politics, Hooked on Work, The Bhopal Disaster, Cases and Exercises, Eagle Smelting, Arnold: Paradox of Creativity, The Nomizu Sake Company, Pluralist Management, Conflict at Riverside, The Hand Grenade, Quality Co-Op, Tipdale Engineering, Problems in the Machine Shop, Final Offer. |
| 700 1# - ΠΡΟΣΘΕΤΗ ΑΝΑΓΡΑΦΗ--ΦΥΣΙΚΟ ΠΡΟΣΩΠΟ | |
| Personal name | Morgan Gareth |
| 9 (RLIN) | 608 |
| 942 ## - ADDED ENTRY ELEMENTS (KOHA) | |
| Koha item type | Books |
| Τύπος τεκμηρίου | Βιβλιοθήκη | Τρέχουσα τοποθεσία | Barcode | Αριθμός εισαγωγής | Ημερομηνία απόκτησης | Ταξιθετικό σύμβολο | Αριθμός αντιτύπου | Κατάσταση απόσυρσης | Κατάσταση χαμένου | Κατάσταση κατεστραμμένου | Μη δανεισμός | Σύνολο δανεισμών | Ημερομηνία τελευταίας εμφάνισης | Η τιμή ισχύει από |
|---|---|---|---|---|---|---|---|---|---|---|---|---|---|---|
| Books | MC Athens Campus Library | MC Athens Campus Library | 9780000009623 | 1631 | 05/06/2025 | 658.4 MOR | 2 | 05/06/2025 | 05/06/2025 |